Kabale University Library Catalogue

Corporatism and political theory / (Record no. 6013)

MARC details
000 -LEADER
fixed length control field 01074cam a2200349 a 4500
001 - CONTROL NUMBER
control field 4752506
003 - CONTROL NUMBER IDENTIFIER
control field OSt
005 - DATE AND TIME OF LATEST TRANSACTION
control field 20260205114422.0
008 - FIXED-LENGTH DATA ELEMENTS--GENERAL INFORMATION
fixed length control field 860103s1986 enk b 001 0 eng
010 ## - LIBRARY OF CONGRESS CONTROL NUMBER
LC control number 85031802
020 ## - INTERNATIONAL STANDARD BOOK NUMBER
International Standard Book Number 0631132791 :
Terms of availability $45.00 (U.S.)
020 ## - INTERNATIONAL STANDARD BOOK NUMBER
International Standard Book Number 9780631132790
035 ## - SYSTEM CONTROL NUMBER
System control number 4752506
040 ## - CATALOGING SOURCE
Original cataloging agency KABLIB
Transcribing agency KABLIB
Modifying agency KABLIB
050 00 - LIBRARY OF CONGRESS CALL NUMBER
Classification number JC478
Item number .C33 1986
082 00 - DEWEY DECIMAL CLASSIFICATION NUMBER
Classification number 321.9
Edition number 23
Item number CAW
100 1# - MAIN ENTRY--PERSONAL NAME
Personal name Cawson, Alan.
9 (RLIN) 15187
245 10 - TITLE STATEMENT
Title Corporatism and political theory /
Statement of responsibility, etc. Alan Cawson.
260 ## - PUBLICATION, DISTRIBUTION, ETC.
Place of publication, distribution, etc. Oxford, UK ;
-- New York, NY, USA :
Name of publisher, distributor, etc. B. Blackwell,
Date of publication, distribution, etc. c1986.
300 ## - PHYSICAL DESCRIPTION
Extent vii, 174 p. ;
Dimensions 20 cm.
336 ## - CONTENT TYPE
Content type term text
Content type code txt
Source rdacontent
337 ## - MEDIA TYPE
Media type term unmediated
Media type code n
Source rdamedia
338 ## - CARRIER TYPE
Carrier type term volume
Carrier type code nc
Source rdacarrier
500 ## - GENERAL NOTE
General note Includes index.
504 ## - BIBLIOGRAPHY, ETC. NOTE
Bibliography, etc. note Bibliography: p. [159]-169.
650 #0 - SUBJECT ADDED ENTRY--TOPICAL TERM
Topical term or geographic name entry element Corporate state.
9 (RLIN) 15188
650 #0 - SUBJECT ADDED ENTRY--TOPICAL TERM
Topical term or geographic name entry element Cultural pluralism.
650 #0 - SUBJECT ADDED ENTRY--TOPICAL TERM
Topical term or geographic name entry element State, The.
9 (RLIN) 11129
906 ## - LOCAL DATA ELEMENT F, LDF (RLIN)
a 7
b cbc
c orignew
d 1
e ocip
f 19
g y-gencatlg
942 ## - ADDED ENTRY ELEMENTS (KOHA)
Source of classification or shelving scheme Dewey Decimal Classification
Koha item type Book
Holdings
Withdrawn status Lost status Source of classification or shelving scheme Damaged status Not for loan Home library Current library Date acquired Total Checkouts Full call number Barcode Date last seen Price effective from Koha item type
    Dewey Decimal Classification     Mukombe Library Mukombe Library 05.02.2026   321.9 CAW 14512 05.02.2026 05.02.2026 Book

Kabale University Library | Kabale University P.O Box 317, Kabale, Uganda
Tel : +256754017033, +256774661503 E-mail : library@kab.ac.ug